Cẩm nang dành cho giám đốc & kế toán trưởng : Quy trình kiểm toán, thanh tra tài chính & xử phạt vi phạm hành chính trong doanh nghiệp 2013
Sách gồm 6 phần với các nội dung chính: quy trình kiểm toán doanh nghiệp; quy trình thanh tra tài chính doanh nghiệp; quy định mới về xử phạt hành chính trong các ngành nghề; Luật Thanh tra và văn bản mới hướng dẫn thực hiện; Luật Xử lý vi pha...
Guardat en:
| Format: | Llibre |
|---|---|
| Idioma: | Undetermined |
| Publicat: |
Hà Nội
Tài chính
2013
|
| Matèries: | |
| Etiquetes: |
Afegir etiqueta
Sense etiquetes, Sigues el primer a etiquetar aquest registre!
|
| Thư viện lưu trữ: | Trung tâm Học liệu Trường Đại học Cần Thơ |
|---|
| LEADER | 01408nam a2200217Ia 4500 | ||
|---|---|---|---|
| 001 | CTU_185690 | ||
| 008 | 210402s9999 xx 000 0 und d | ||
| 020 | |c 325000 | ||
| 082 | |a 352.43 | ||
| 082 | |b C120 | ||
| 245 | 0 | |a Cẩm nang dành cho giám đốc & kế toán trưởng : | |
| 245 | 0 | |b Quy trình kiểm toán, thanh tra tài chính & xử phạt vi phạm hành chính trong doanh nghiệp 2013 | |
| 245 | 0 | |c Thuỳ Linh, Việt Trinh (Sưu tầm và hệ thống hoá) | |
| 260 | |a Hà Nội | ||
| 260 | |b Tài chính | ||
| 260 | |c 2013 | ||
| 520 | |a Sách gồm 6 phần với các nội dung chính: quy trình kiểm toán doanh nghiệp; quy trình thanh tra tài chính doanh nghiệp; quy định mới về xử phạt hành chính trong các ngành nghề; Luật Thanh tra và văn bản mới hướng dẫn thực hiện; Luật Xử lý vi phạm hành chính; quy định mới về niêm yết thị trường chứng khoán, thuế & chính sách ưu đãi lãi suất cho vay tín dụng nhằm hỗ trợ phát triển doanh nghiệp. | ||
| 650 | |a Business enterprises,Doanh nghiệp kinh doanh | ||
| 650 | |x Finance,Tài chính | ||
| 910 | |a Trần Thị Tuyết Vân,Hải | ||
| 980 | |a Trung tâm Học liệu Trường Đại học Cần Thơ | ||